Uplatnenie princípov cirkulárnej ekonomiky vo vybranom podniku bakalárska práca

Enregistré dans:
Détails bibliographiques
Auteur principal: Balog, Dušan
Collectivité auteur: Podnikovohospodárska fakulta EU so sídlom v Košiciach. Katedra ekonómie
Autres auteurs: Stričík, Michal, 1969-
Format: Livre
Langue:slovaque
Publié: Košice 2023
Tags: Ajouter un tag
Pas de tags, Soyez le premier à ajouter un tag!

MARC

LEADER 00000nbm a2200000 4500
001 0294442
005 20240827093119.5
041 0 |a slo 
044 |a SK 
245 1 0 |a Uplatnenie princípov cirkulárnej ekonomiky vo vybranom podniku  |b bakalárska práca  |c Dušan Balog ; školiteľ: Michal Stričík 
264 1 |a Košice  |c 2023 
300 |a 43 s. 
100 1 |a Balog, Dušan 
700 1 |a Stričík, Michal, 1969- 
710 2 |a Podnikovohospodárska fakulta EU so sídlom v Košiciach. Katedra ekonómie